| 000 | 00978nam a2200289Ia 4500 | ||
|---|---|---|---|
| 001 | G5201 | ||
| 003 | IT-RoPAU | ||
| 008 | 130308s9999 xx 000 0 und d | ||
| 040 | _aIT-RoPAU | ||
| 040 | _cIT-RoPAU | ||
| 041 | _aITALIANO | ||
| 100 | _aSerceau Michel | ||
| 100 | _gCodice Aut. SPICS: 21495 | ||
| 245 | _aDimensione documentaria del cinema beur (La): una question e di rappresentazione | ||
| 245 | _bCinema Europeo del metissage (Il) | ||
| 250 | _a1a ed. | ||
| 260 | _aFIRENZE | ||
| 260 | _bIl Castoro | ||
| 260 | _c2000 [1° Ed.:2000 - Ed.Ling.Originale:2000] | ||
| 300 | _a"8 p. (prefazione: no ; testo: 8 [pagine: 125-132])" | ||
| 500 | _aCinema Beur Non è un Cinema Meticcio. Finzione Piu' del Documentario. Trariflesso e Proiezione: Finzione Come Rappresentazione. Finzione Come Costruzione: individui in Questione. | ||
| 650 | _aGENERI CINEMATOGRAFICI | ||
| 650 | _eCodice materia Spics: 6810 | ||
| 942 | _cBK | ||
| 957 | _71 | ||
| 999 |
_c83644 _d83644 |
||
| 999 | _g1 | ||